000 01575nam a22003497a 4500
003 PE-LiUPU
005 20250731173559.0
008 230707b |||||||| |||| 00| 0 eng d
040 _aPE-LiUPU
_bspa
_cPE-LiUPU
_dPE-LiUPU
_erda
082 _223
_a226.96
_bW342t
100 _aWatson, Thomas.
_91551
_eAutor.
245 _aThe Lord's Prayer /
_cThomas Watson.
250 _aEdición revisada.
264 _aGreat Britain :
_bThe banner of truth trust,
_c1965.
300 _a332 páginas :
_c22 centímetros.
505 _aThe preface to the lord's prayer -- 'Our Father which art in heaven' -- The firs petition in the lord's prayer 'Hallowe be the name' -- The second petition in the lord's prayer -- 'thy kingdom come' -- The Third petition in the lord's prayer -- 'Thy will be done in earth, as it is in heaven' -- The fourth petition in the lord's prayer -- 'give us this day our daily bread' -- The fifth petition in the lord's prayer -- 'And forgive us our debts, as we forgive debtors' -- the sixth petition in the lord's prayer -- 'Amd lead us not into temptation, but deliver us from evil'.
526 _aSEG42
526 _aSEG41
526 _aSEG40
526 _aSEG39
526 _aP94
526 _aP87
526 _aP86
526 _aP85
526 _aP77
526 _aP76
526 _aP35
650 0 _aPadrenuestro
_91550
942 _2ddc
_cBK
_n0
980 _621515
_aDIGNA BRAÑES Analista Documental
_81
_gALBERTO SANCHEZ Responsable de Automatización
999 _c61908
_d61908